000 00503cam a2200169 4500500
005 20260405002000.0
041 _afre
042 _adc
100 1 0 _aUngerer, Tomi
_eauthor
245 0 0 _aC’est quoi, la sagesse ?
260 _c2015.
500 _a27
690 _aSagesse
690 _aTomi Ungerer
786 0 _nPhilosophie magazine | 89 | 5 | 2015-05-01 | p. 7-7 | 1951-1787
856 4 1 _uhttps://shs.cairn.info/magazine-philosophie-magazine-2015-5-page-7?lang=fr&redirect-ssocas=7080
999 _c2052992
_d2052992